| 000 | 00785nam a2200241 4500 | ||
|---|---|---|---|
| 003 | OSt | ||
| 005 | 20240715022109.0 | ||
| 006 | a | ||
| 008 | 240715b |||||||| |||| 00| 0 eng d | ||
| 020 | _a9780691129556 | ||
| 040 |
_aDWCL-Main lib. _cOC |
||
| 082 | _aCirc. 515.355 M427 2007 | ||
| 245 | _aMathematical aspects of nonlinear dispersive equations / | ||
| 260 |
_aN. J. : _bPrinceton University Press, _cc2007. |
||
| 300 |
_avi, _b300. : ill. ; _c23cm. |
||
| 504 | _aIncludes bibliographical references & index. | ||
| 650 | _a1. Differential equations, Nonlinear-Congresses. | ||
| 650 | _a2. Nonlinear partial differential operators-Congresses. | ||
| 700 | _aJean Bourgain | ||
| 700 | _aCarlos E. Kenig | ||
| 700 | _aSrgiu Klainerman | ||
| 942 |
_2ddc _n0 _cBK-CIRC _kCirc. |
||
| 999 |
_c2156 _d2156 |
||